000 01080nam a2200265 a 4500
001 67396
003 BD-RjUL
005 20211209081640.0
008 170325s1977 njua j b 001 0 eng d
020 _a0133926885
_a0133926966 pbk.
035 _a(BD-RjUL)67527
040 _aDLC
_cDLC
_dDLC
_dBD-RjUL
_beng
041 _aeng
082 0 0 _a646.72023
_223
_bMEC 1977
100 1 _aMesser, Mari Friedrichs.
_9199678
245 1 0 _aCosmetic and grooming careers /
_cMari Friedrichs Messer ; consulting editor, Xenia F. Fane.
260 _aEnglewood Cliffs,
_aNew Jersy :
_bPrentice-Hall,
_cc1977.
300 _a122 p. :
_bill. ;
_c23 cm.
504 _aIncludes bibliographies and index.
520 _aDescribes careers in hair care, grooming, cosmetic sales, manufacturing, and cosmetology teaching and includes information on necessary preparation and opportunities available.
650 0 _aBeauty culture
_xVocational guidance
_xJuvenile literature.
_9199679
650 1 _aBeauty culture
_xVocational guidance.
_9199680
650 1 _aVocational guidance.
_9199681
942 _2ddc
_cBK
999 _c67396
_d67396